[Event "Moscow Open A 2015"]
[Site "Moscow RUS"]
[Date "2015.01.31"]
[Round "1.27"]
[White "Sysoev, Vjacheslav"]
[Black "Grigoriants, Sergey"]
[Result "0-1"]
[WhiteTitle "FM"]
[BlackTitle "GM"]
[WhiteElo "2306"]
[BlackElo "2567"]
[WhiteFideId "4198689"]
[BlackFideId "4130804"]
[EventDate "2015.01.31"]

1. e4 c5 2. Nf3 d6 3. h3 Nf6 4. Nc3 Nc6 5. g4 d5 6. exd5 Nxd5 7. d3 h5 8. g5 g6
9. Bg2 Bg7 10. Bd2 O-O 11. O-O Be6 12. Nxd5 Bxd5 13. Bc3 e5 14. h4 b5 15. Bd2 e4
16. dxe4 Bc4 17. c3 Bxf1 18. Qxf1 a6 19. Be3 Qe7 20. a4 b4 21. Rc1 bxc3 22. bxc3
Rfd8 23. Nd2 Ne5 24. f4 Ng4 25. Nc4 Rab8 26. Bf2 Nxf2 27. Qxf2 0-1

[Event "Moscow Open A 2015"]
[Site "Moscow RUS"]
[Date "2015.01.31"]
[Round "1.28"]
[White "Gabrielian, Artur"]
[Black "Popov, Kirill"]
[Result "1/2-1/2"]
[WhiteTitle "GM"]
[BlackTitle "FM"]
[WhiteElo "2554"]
[BlackElo "2313"]
[WhiteFideId "4131002"]
[BlackFideId "24157457"]
[EventDate "2015.01.31"]

1. Nf3 Nf6 2. g3 g6 3. Bg2 Bg7 4. O-O d6 5. d4 O-O 6. c4 Nc6 7. Nc3 a6 8. Bf4
Bf5 9. Rc1 Ne4 10. Nxe4 Bxe4 11. d5 Nb8 12. Qd2 Re8 13. h4 c5 14. h5 Nd7 15.
hxg6 hxg6 16. Bh3 Bxf3 17. exf3 b5 18. b3 bxc4 19. Rxc4 Ne5 20. Bxe5 Bxe5 21. f4
Bf6 22. f5 Kg7 23. fxg6 Rh8 24. Kg2 fxg6 25. Be6 Rh6 26. Rcc1 Qh8 27. Rh1 Qh7
28. Bg4 Rh8 29. Rxh6 Qxh6 30. Qxh6+ Kxh6 31. Be2 a5 32. Bb5 Rb8 33. a4 Kg7 34.
Re1 Rh8 35. f4 g5 36. fxg5 Bxg5 37. Re4 Rf8 38. Bd3 1/2-1/2

[Event "Moscow Open A 2015"]
[Site "Moscow RUS"]
[Date "2015.01.31"]
[Round "1.29"]
[White "Rjabzev, Konstantin"]
[Black "Rozum, Ivan"]
[Result "1/2-1/2"]
[WhiteTitle "IM"]
[BlackTitle "GM"]
[WhiteElo "2312"]
[BlackElo "2554"]
[WhiteFideId "4150015"]
[BlackFideId "24104272"]
[EventDate "2015.01.31"]

1. e4 c5 2. Nf3 d6 3. Bb5+ Bd7 4. Bxd7+ Nxd7 5. O-O Ngf6 6. Re1 Rc8 7. c3 Qc7 8.
d3 e6 9. h3 Be7 10. Bf4 O-O 11. Nbd2 Ne5 12. Re3 Rfd8 13. d4 cxd4 14. cxd4 Nxf3+
15. Qxf3 Qb6 16. Rb3 Qa6 17. Ra3 Qb6 18. Rb3 Qxd4 19. Be3 Qa4 20. Rxb7 Rd7 21.
b3 Qa6 22. Rxd7 Nxd7 23. Nc4 Bf6 24. Rd1 Ne5 25. Nxe5 Bxe5 26. a4 Rc3 27. Rc1
Rxc1+ 28. Bxc1 Qc6 29. Bd2 Qc2 30. Be1 Bd4 31. g3 Qb1 32. Kf1 h6 33. Ke2 Bc5 34.
Qd3 Qb2+ 35. Kf1 Qc1 1/2-1/2

[Event "Moscow Open A 2015"]
[Site "Moscow RUS"]
[Date "2015.01.31"]
[Round "1.30"]
[White "Ibragimov, Ildar"]
[Black "Semiev, Suhrab"]
[Result "1-0"]
[WhiteTitle "GM"]
[BlackTitle "IM"]
[WhiteElo "2548"]
[BlackElo "2310"]
[WhiteFideId "4102878"]
[BlackFideId "14000865"]
[EventDate "2015.01.31"]

1. d4 d5 2. c4 e5 3. dxe5 d4 4. Nf3 Nc6 5. g3 Nge7 6. Bg2 Ng6 7. O-O Ngxe5 8.
Nxe5 Nxe5 9. Na3 Be7 10. Nb5 c5 11. Bf4 Bf6 12. e3 O-O 13. exd4 cxd4 14. Re1
Nxc4 15. Rc1 Nxb2 16. Qd2 Na4 17. Nc7 g5 18. Be5 Rb8 19. Nd5 Bxe5 20. Rxe5 f6
21. Re7 Rf7 22. Qxd4 1-0

[Event "Moscow Open A 2015"]
[Site "Moscow RUS"]
[Date "2015.01.31"]
[Round "1.31"]
[White "Natacheev, Peter"]
[Black "Kryakvin, Dmitry"]
[Result "1-0"]
[WhiteTitle "FM"]
[BlackTitle "GM"]
[WhiteElo "2308"]
[BlackElo "2548"]
[WhiteFideId "4191854"]
[BlackFideId "4153278"]
[EventDate "2015.01.31"]

1. e4 c5 2. Nf3 Nc6 3. d4 cxd4 4. Nxd4 Nf6 5. Nc3 d6 6. Bg5 e6 7. Qd2 h6 8. Bxf6
gxf6 9. O-O-O a6 10. f4 Qb6 11. Nb3 Bd7 12. Be2 h5 13. Bf3 h4 14. Kb1 O-O-O 15.
Bg4 Kb8 16. Rhf1 Na5 17. Nxa5 Qxa5 18. f5 Qe5 19. Qf4 Be7 20. Rd3 Bc8 21. h3 Rd7
22. Ne2 Rc7 23. g3 Rc4 24. Nc3 hxg3 25. Qxg3 Qxg3 26. Rxg3 b5 27. b3 Rc5 28. a3
Re5 29. Rd3 Bb7 30. Rf4 a5 31. Rd4 Rc8 32. Kb2 Bf8 33. b4 axb4 34. axb4 Be7 35.
Kb3 d5 36. Nxb5 dxe4 37. c4 Rxb5 38. cxb5 e5 39. Rfxe4 Rc1 40. Kb2 Rf1 41. Re2
exd4 42. Rxe7 Bd5 43. Rd7 Rf2+ 44. Kc1 Be4 45. Rxf7 d3 46. Rxf6 Kc7 47. b6+ Kb7
48. Kd1 d2 49. Rd6 Bxf5 50. Rxd2 Rf4 51. Bxf5 Rxf5 52. Rd4 Kxb6 53. h4 Kb5 54.
Ke2 Rh5 55. Kf3 Rh8 56. Kg4 Rg8+ 57. Kf5 Rh8 58. Kg6 Rg8+ 59. Kf7 Rg1 60. h5 1-0

[Event "Moscow Open A 2015"]
[Site "Moscow RUS"]
[Date "2015.01.31"]
[Round "1.32"]
[White "Megaranto, Susanto"]
[Black "Tutisani, Noe"]
[Result "1/2-1/2"]
[WhiteTitle "GM"]
[WhiteElo "2548"]
[BlackElo "2308"]
[WhiteFideId "7101384"]
[BlackFideId "13602853"]
[EventDate "2015.01.31"]

1. d4 Nf6 2. Nf3 g6 3. Bf4 Bg7 4. e3 O-O 5. Be2 d6 6. c3 b6 7. h3 Bb7 8. O-O
Nbd7 9. Nbd2 c5 10. a4 a6 11. Bh2 Qc7 12. Qb3 Rac8 13. Rfd1 Qb8 14. Ne1 Qa8 15.
Bf3 Rfe8 16. Bxb7 Qxb7 17. Nd3 cxd4 18. exd4 d5 19. Ne5 e6 20. Nd3 Bh6 21. Nf3
Ne4 22. Nde5 Nxe5 23. Bxe5 a5 24. Qc2 Bg7 25. Bxg7 Kxg7 26. Qe2 Qc7 27. Re1 Kg8
28. Qe3 Nd6 29. Qh6 Nf5 30. Qd2 Re7 31. Ne5 Qd8 32. Qf4 Rb7 33. Re2 Qh4 34. Qf3
Nd6 35. Kh2 Kg7 36. Nd3 Ne4 37. Re3 b5 38. axb5 Rxb5 39. Re2 Qf6 40. Qxf6+ Kxf6
41. Kg1 Ke7 42. Kf1 Rcb8 43. Ke1 Nd6 44. Kd1 Nc4 45. Kc1 Rc8 46. Nc5 Nb6 47. Ra2
Nd7 48. Nd3 Kd6 49. Kc2 Nb8 50. Re1 Nc6 51. Kd2 Nd8 52. f4 h6 53. Rf1 h5 54. Kc2
Nc6 55. Nc5 f6 56. Kd2 Rcb8 57. Nd3 h4 58. Rf2 Ne7 59. Re2 Nf5 60. Re1 Ng3 61.
Rea1 Ne4+ 62. Kc2 Ra8 63. Ra3 Kc6 64. b4 Kb6 65. Rxa5 Rbxa5 66. Rxa5 Rxa5 67.
bxa5+ Kxa5 68. f5 gxf5 69. Nf4 Ng5 70. Ng6 Kb5 71. Nxh4 Kc6 72. Kd3 Kd6 73. c4
dxc4+ 74. Kxc4 Ne4 1/2-1/2

[Event "Moscow Open A 2015"]
[Site "Moscow RUS"]
[Date "2015.01.31"]
[Round "1.33"]
[White "Schekachikhin, Maksim"]
[Black "Pridorozhni, Aleksei"]
[Result "0-1"]
[WhiteTitle "FM"]
[BlackTitle "GM"]
[WhiteElo "2306"]
[BlackElo "2545"]
[WhiteFideId "24177830"]
[BlackFideId "4127870"]
[EventDate "2015.01.31"]

1. e4 d5 2. exd5 Qxd5 3. Nc3 Qd6 4. d4 c6 5. g3 Nf6 6. Bg2 Bf5 7. Nge2 e6 8. O-O
Be7 9. a3 O-O 10. h3 Rd8 11. Bf4 Qd7 12. g4 Bg6 13. Be5 Qc8 14. Nf4 Nbd7 15.
Nxg6 hxg6 16. Bg3 Nb6 17. Ne2 Bd6 18. Bxd6 Rxd6 19. Qc1 Qc7 20. c4 Rd7 21. Qc3
c5 22. Rac1 Rad8 23. dxc5 Na4 24. Qg3 Qxg3 25. Nxg3 Nxb2 26. Rb1 Nd3 27. Rxb7
Rxb7 28. Bxb7 Nxc5 29. Bc6 Rd6 30. Bg2 Rd3 31. Rb1 Nfd7 32. a4 Ra3 33. Bc6 Ne5
34. Rb8+ Kh7 35. Be8 Ncd3 36. Ne4 Nf3+ 37. Kf1 Nf4 38. Rb1 f5 39. gxf5 exf5 0-1

[Event "Moscow Open A 2015"]
[Site "Moscow RUS"]
[Date "2015.01.31"]
[Round "1.34"]
[White "Xiu, Deshun"]
[Black "Batyuk, Artem"]
[Result "1-0"]
[WhiteTitle "GM"]
[WhiteElo "2543"]
[BlackElo "2306"]
[WhiteFideId "8603693"]
[BlackFideId "34115088"]
[EventDate "2015.01.31"]

1. c4 e5 2. Nc3 Nf6 3. Nf3 Nc6 4. g3 d5 5. cxd5 Nxd5 6. Bg2 Be6 7. O-O Nb6 8.
Rb1 Be7 9. b4 a6 10. a3 O-O 11. d3 Rb8 12. Bb2 f6 13. Qc2 Qe8 14. Ne4 Qf7 15.
Ba1 Rfd8 16. Nc5 Bxc5 17. bxc5 Nd5 18. Rfd1 Nde7 19. d4 exd4 20. Nxd4 Nxd4 21.
Rxd4 Rxd4 22. Bxd4 c6 23. e3 h5 24. h4 Qe8 25. Rb6 Nd5 26. Rb2 Qd7 27. Qb1 a5
28. Rd2 Qf7 29. e4 Nc7 30. Qb6 a4 31. Qa7 Na6 32. Be3 Re8 33. Bf1 Nb8 34. Qxa4
Nd7 35. f4 f5 36. e5 Bd5 37. Bf2 Nf8 38. Bg2 Rd8 39. Qd1 g6 40. Rd3 Rd7 41. Bxd5
Rxd5 42. Rxd5 Qxd5 43. Qxd5+ cxd5 44. a4 Nd7 45. c6 bxc6 46. Ba7 Kf7 47. a5 Ke8
48. a6 1-0

[Event "Moscow Open A 2015"]
[Site "Moscow RUS"]
[Date "2015.01.31"]
[Round "1.35"]
[White "Eliseev, Urii"]
[Black "Oganisian, Roman"]
[Result "1-0"]
[WhiteTitle "GM"]
[BlackTitle "FM"]
[WhiteElo "2518"]
[BlackElo "2304"]
[WhiteFideId "24131920"]
[BlackFideId "4153006"]
[EventDate "2015.01.31"]

1. e4 c5 2. Nf3 d6 3. d4 cxd4 4. Nxd4 Nf6 5. Nc3 a6 6. Be3 e6 7. f3 Be7 8. Qd2
b5 9. O-O-O b4 10. Nce2 d5 11. e5 Nfd7 12. f4 Nc5 13. g4 Qc7 14. Kb1 Nbd7 15.
Qxb4 g5 16. Qe1 Rb8 17. Nc3 Qb7 18. b3 Qc7 19. Bg2 Nb6 20. fxg5 Nca4 21. Nxa4
Nxa4 22. Bd2 Qc4 23. c3 Qc7 24. Rf1 Ba3 25. Kc2 Bd7 26. Bc1 Be7 27. Rd3 Nc5 28.
Rdf3 Rf8 29. Qh4 Ne4 30. Qxh7 Rc8 31. g6 Nxc3 32. Qxf7+ 1-0

[Event "Moscow Open A 2015"]
[Site "Moscow RUS"]
[Date "2015.01.31"]
[Round "1.36"]
[White "Geivondian, Arman"]
[Black "Iljushin, Alexei"]
[Result "0-1"]
[BlackTitle "GM"]
[WhiteElo "2304"]
[BlackElo "2515"]
[WhiteFideId "24102032"]
[BlackFideId "4122178"]
[EventDate "2015.01.31"]

1. d4 e6 2. e4 d5 3. e5 c5 4. c3 Nc6 5. Nf3 Bd7 6. Be2 cxd4 7. cxd4 Nge7 8. Nc3
Nf5 9. O-O a6 10. Bg5 Qb6 11. Na4 Qa7 12. Be3 b5 13. Nc3 Be7 14. Bd3 Nxe3 15.
fxe3 O-O 16. Kh1 f6 17. exf6 Rxf6 18. Ne2 Rh6 19. Rc1 Rf8 20. e4 Nb4 21. exd5
Bd6 22. Qd2 Nxa2 23. Ra1 Nb4 24. Ne5 exd5 25. Rxf8+ Bxf8 26. Rf1 Rf6 27. Rxf6
gxf6 28. Nxd7 Qxd7 29. Ng3 Nxd3 30. Qxd3 Qe6 31. Qf1 Bd6 32. Nf5 Bf4 33. Nh4 Qe3
34. Nf5 Qc1 35. Kg1 Bxh2+ 0-1

[Event "Moscow Open A 2015"]
[Site "Moscow RUS"]
[Date "2015.01.31"]
[Round "1.37"]
[White "Atabayev, Maksat"]
[Black "Rakhimgaliyev, Yerlan"]
[Result "1-0"]
[WhiteTitle "IM"]
[BlackTitle "FM"]
[WhiteElo "2496"]
[BlackElo "2302"]
[WhiteFideId "14001101"]
[BlackFideId "13705148"]
[EventDate "2015.01.31"]

1. e4 c5 2. Nf3 d6 3. d4 cxd4 4. Nxd4 Nf6 5. Nc3 a6 6. Be2 e5 7. Nb3 Be7 8. Be3
Be6 9. O-O O-O 10. Qd2 Nbd7 11. a4 Nb6 12. a5 Nc4 13. Bxc4 Bxc4 14. Rfd1 Rc8 15.
f3 Qc7 16. Bb6 Qc6 17. Nc1 Nd7 18. Be3 Rfd8 19. N1a2 Bxa2 20. Rxa2 Bf8 21. Rc1
Qc4 22. Ra4 Qe6 23. Nd5 Nf6 24. Nxf6+ gxf6 25. c4 f5 26. b3 Rd7 27. Rd1 fxe4 28.
fxe4 f5 29. exf5 Qxf5 30. Qd5+ Rf7 31. Ra2 Rc7 32. Rf2 Qg6 33. Rdf1 Qh5 34. Rf5
Qe2 35. Rxf7 Qxe3+ 36. Kh1 1-0

[Event "Moscow Open A 2015"]
[Site "Moscow RUS"]
[Date "2015.01.31"]
[Round "1.38"]
[White "Palachev, Petr"]
[Black "Pavlov, Sergey2"]
[Result "1-0"]
[WhiteTitle "FM"]
[BlackTitle "IM"]
[WhiteElo "2300"]
[BlackElo "2493"]
[WhiteFideId "24129003"]
[BlackFideId "14114330"]
[EventDate "2015.01.31"]

1. d4 Nf6 2. c4 e6 3. Nc3 Bb4 4. e3 c5 5. Nf3 d5 6. Bd3 O-O 7. O-O Nc6 8. a3 Ba5
9. cxd5 exd5 10. dxc5 Bxc3 11. bxc3 Qa5 12. Qb3 Qxc5 13. a4 Na5 14. Qb4 Qxb4 15.
cxb4 Nc4 16. Bxc4 dxc4 17. Bb2 Nd5 18. Rac1 Nxb4 19. Ba3 a5 20. Rxc4 Be6 21. Rh4
Bb3 22. Bxb4 axb4 23. Rxb4 Bxa4 24. Rxb7 Bc6 25. Rc7 Bxf3 26. gxf3 Rfc8 27. Rfc1
Rxc7 28. Rxc7 g6 29. Kg2 Ra2 30. f4 Kg7 31. e4 Ra4 32. f3 Ra2+ 33. Kg3 h5 34. e5
Kf8 35. f5 gxf5 36. Kf4 Rxh2 37. Kxf5 Rf2 38. f4 h4 39. Rc3 Ke7 40. Rh3 Rf1 41.
Rxh4 Rf2 42. Rh6 Rf3 43. Ra6 Rf1 44. Ra7+ Kf8 45. Kg5 Rg1+ 46. Kf6 Rg6+ 47. Kf5
Rb6 48. Rd7 Rb1 49. Kf6 Rb6+ 50. Rd6 Rb8 51. f5 Ra8 52. Rd7 Ra6+ 53. e6 1-0

[Event "Moscow Open A 2015"]
[Site "Moscow RUS"]
[Date "2015.01.31"]
[Round "1.39"]
[White "Vlassov, Nikolai"]
[Black "Glukhov, Alexander"]
[Result "0-1"]
[WhiteTitle "IM"]
[WhiteElo "2493"]
[BlackElo "2296"]
[WhiteFideId "4103360"]
[BlackFideId "4178882"]
[EventDate "2015.01.31"]

1. e4 e5 2. Bc4 Nf6 3. d3 Nc6 4. Nf3 Be7 5. O-O O-O 6. Re1 d6 7. a4 Na5 8. Ba2
c5 9. c3 Nc6 10. Nbd2 Be6 11. Nc4 h6 12. d4 exd4 13. cxd4 d5 14. exd5 Nxd5 15.
Nce5 Nxd4 16. Nxd4 cxd4 17. Ng6 Re8 18. Nxe7+ Nxe7 19. Bxe6 fxe6 20. Ra3 Qd5 21.
Rh3 Rac8 22. Bxh6 gxh6 23. Rxh6 Nf5 24. Qg4+ Ng7 25. Rg6 Qe5 26. Rd1 d3 27. Rg5
Qxb2 28. h4 Rcd8 29. h5 Kh8 30. Rb5 Qe2 31. Rb4 Qxg4 32. Rxg4 Rd5 33. Rb4 Nxh5
34. Rxb7 Rc8 35. g3 d2 36. Kh1 Rc1 0-1

[Event "Moscow Open A 2015"]
[Site "Moscow RUS"]
[Date "2015.01.31"]
[Round "1.40"]
[White "Uraev, Ivan"]
[Black "Matsenko, Sergei"]
[Result "0-1"]
[WhiteTitle "FM"]
[BlackTitle "IM"]
[WhiteElo "2287"]
[BlackElo "2489"]
[WhiteFideId "4192443"]
[BlackFideId "4170083"]
[EventDate "2015.01.31"]

1. e4 e6 2. d4 d5 3. Nd2 Nc6 4. Ngf3 Nf6 5. e5 Nd7 6. Bd3 Nb4 7. Be2 c5 8. c3
Nc6 9. O-O cxd4 10. cxd4 f6 11. exf6 Nxf6 12. Nb3 Bd6 13. Bg5 O-O 14. Re1 h6 15.
Bh4 Bd7 16. Rc1 Bf4 17. Rb1 b6 18. Bb5 Qe8 19. Bg3 Bxg3 20. hxg3 Ng4 21. Qe2 Qh5
22. Bxc6 Rxf3 23. Qxf3 Bxc6 24. Nc1 Rf8 0-1

[Event "Moscow Open A 2015"]
[Site "Moscow RUS"]
[Date "2015.01.31"]
[Round "1.41"]
[White "Firat, Burak"]
[Black "Ofitserian, Boris"]
[Result "1-0"]
[WhiteTitle "IM"]
[BlackTitle "FM"]
[WhiteElo "2486"]
[BlackElo "2283"]
[WhiteFideId "6305881"]
[BlackFideId "24199443"]
[EventDate "2015.01.31"]

1. e4 e5 2. Nf3 Nc6 3. Bb5 a6 4. Ba4 Nf6 5. O-O Be7 6. Re1 b5 7. Bb3 d6 8. c3
O-O 9. h3 Bb7 10. d4 Re8 11. Nbd2 Bf8 12. a3 g6 13. Ba2 Nb8 14. dxe5 dxe5 15.
Ng5 Re7 16. Qb3 Qe8 17. Qc2 h6 18. Ngf3 Qc6 19. b4 a5 20. Bb2 Nbd7 21. Rac1 Kg7
22. Qb3 Qa6 23. c4 axb4 24. cxb5 Qxb5 25. axb4 Rc8 26. Nc4 Bxe4 27. Nfxe5 Nxe5
28. Bxe5 Rxe5 29. Nxe5 Bd5 30. Qb2 Qxb4 31. Qa1 Qa3 32. Nd7 Qxa2 33. Qxf6+ Kg8
34. Nxf8 Rxf8 35. Rxc7 Qd2 36. Re3 Qd1+ 37. Kh2 Qf1 38. Rg3 Qb1 39. h4 Kh7 40.
Qd6 1-0

[Event "Moscow Open A 2015"]
[Site "Moscow RUS"]
[Date "2015.01.31"]
[Round "1.42"]
[White "Babikov, Ivan"]
[Black "Kharchenko, Boris"]
[Result "0-1"]
[WhiteTitle "FM"]
[BlackTitle "GM"]
[WhiteElo "2279"]
[BlackElo "2483"]
[WhiteFideId "4161106"]
[BlackFideId "14113210"]
[EventDate "2015.01.31"]

1. e4 e5 2. Nf3 Nc6 3. Bc4 Bc5 4. b4 Bxb4 5. c3 Bd6 6. O-O Nf6 7. d4 O-O 8. Nbd2
b6 9. Bb2 Bb7 10. Ng5 Be7 11. Nxf7 Rxf7 12. Bxf7+ Kxf7 13. d5 Nb8 14. c4 d6 15.
f4 Nbd7 16. g4 Kg8 17. g5 Ne8 18. h4 c6 19. Qg4 Nc7 20. Nf3 cxd5 21. cxd5 exf4
22. Qxf4 Qe8 23. Rac1 Rc8 24. Qd2 Bf8 25. Qd4 Nc5 26. Rfe1 Qh5 27. Kf2 Re8 28.
Re3 Qg4 29. Rce1 Ba6 30. a4 Re7 31. Ba3 Rf7 32. Rh1 Rf4 33. Bxc5 bxc5 34. Qd2
Rxe4 35. Rg1 Qf4 36. Rxe4 Qxe4 37. Qa5 Qe2+ 38. Kg3 Nxd5 39. Re1 Qc4 40. Re8
Qf4+ 41. Kf2 Nb4 0-1

[Event "Moscow Open A 2015"]
[Site "Moscow RUS"]
[Date "2015.01.31"]
[Round "1.43"]
[White "Ulko, Jaroslav"]
[Black "Igonin, Temur"]
[Result "1-0"]
[WhiteTitle "IM"]
[BlackTitle "FM"]
[WhiteElo "2482"]
[BlackElo "2274"]
[WhiteFideId "4116658"]
[BlackFideId "14203049"]
[EventDate "2015.01.31"]

1. d4 d5 2. c4 dxc4 3. Nf3 Nf6 4. e3 e6 5. Bxc4 c5 6. O-O a6 7. Bb3 cxd4 8. exd4
Nc6 9. Nc3 Be7 10. a3 O-O 11. Re1 Na5 12. Bc2 b5 13. Qd3 Re8 14. Ne4 g6 15. Neg5
Nc4 16. Bb3 Qc7 17. Ne5 Nd6 18. Bd2 Nd5 19. Rac1 Qb7 20. h4 f6 21. Nxh7 Nf5 22.
Nxg6 Kxh7 23. h5 Kg8 24. Qe4 Ra7 25. Qg4 Kh7 26. Qe4 Kg8 27. Qg4 Kh7 28. Qe4 Kg8
29. g4 Nd6 30. Nxe7+ Rxe7 31. Qf3 Rg7 32. Bh6 Rf7 33. Qd3 f5 34. gxf5 Rxf5 35.
Qg3+ Kh7 36. Bc2 Qe7 37. Re5 Bb7 38. Qg6+ Kh8 39. Rxe6 Nf4 40. Bxf4 Rxf4 41.
Qh6+ 1-0

[Event "Moscow Open A 2015"]
[Site "Moscow RUS"]
[Date "2015.01.31"]
[Round "1.44"]
[White "Aslanov, Sergei"]
[Black "Badmatsyrenov, Oleg"]
[Result "0-1"]
[BlackTitle "IM"]
[WhiteElo "2273"]
[BlackElo "2481"]
[WhiteFideId "4180828"]
[BlackFideId "24115762"]
[EventDate "2015.01.31"]

1. Nf3 c5 2. g3 Nc6 3. c4 g6 4. Bg2 Bg7 5. Nc3 d6 6. O-O h5 7. d3 Nh6 8. e4 Bg4
9. h3 Bxf3 10. Bxf3 Qd7 11. Bg2 O-O-O 12. Be3 f5 13. Qd2 h4 14. gxh4 Nf7 15. Bg5
Nxg5 16. Qxg5 Bf6 17. Qxg6 fxe4 18. dxe4 Bxc3 19. bxc3 Ne5 20. Qf5 e6 21. Qf4
Ng6 22. Qe3 Nxh4 23. f4 Rdg8 24. Rf2 Qg7 25. Qd2 Qg3 0-1

[Event "Moscow Open A 2015"]
[Site "Moscow RUS"]
[Date "2015.01.31"]
[Round "1.45"]
[White "Swayams, Mishra"]
[Black "Esipenko, Andrey"]
[Result "1/2-1/2"]
[WhiteTitle "IM"]
[BlackTitle "FM"]
[WhiteElo "2480"]
[BlackElo "2271"]
[WhiteFideId "5028183"]
[BlackFideId "24175439"]
[EventDate "2015.01.31"]

1. d4 d5 2. c4 c6 3. Nf3 Nf6 4. Nc3 e6 5. Bg5 h6 6. Bxf6 Qxf6 7. e3 Nd7 8. Bd3
dxc4 9. Bxc4 g6 10. O-O Bg7 11. h3 O-O 12. e4 b5 13. Bb3 a6 14. Re1 e5 15. d5 c5
16. Bc2 Nb6 17. Qe2 Bd7 18. a4 c4 19. axb5 axb5 20. b3 b4 21. bxc4 bxc3 22. c5
Rxa1 23. Rxa1 Rc8 24. cxb6 Qxb6 25. Qd1 Qc7 26. Ne1 Bf8 27. Nd3 Bd6 28. Qc1 Kg7
29. Qe3 Rb8 30. Ra7 Rb7 31. Rxb7 Qxb7 32. f4 Qc7 33. fxe5 Bxe5 34. Nxe5 Qxe5 35.
Kf2 g5 36. Ke2 Bb5+ 37. Kf2 Bc4 38. Qg3 Qf6+ 39. Kg1 Qd4+ 40. Qf2 Qe5 41. Qc5
Be2 42. Qe3 Bb5 43. Qf3 Kg6 44. Qf2 Bd7 45. h4 Kg7 46. hxg5 hxg5 47. Qe3 Bb5 48.
Kf2 Qf6+ 49. Qf3 Qd4+ 50. Qe3 Qf6+ 51. Qf3 Qd4+ 52. Qe3 Qf6+ 1/2-1/2

[Event "Moscow Open A 2015"]
[Site "Moscow RUS"]
[Date "2015.01.31"]
[Round "1.46"]
[White "Ageichenko, Genadi A"]
[Black "Gordievsky, Dmitry"]
[Result "0-1"]
[WhiteTitle "IM"]
[BlackTitle "FM"]
[WhiteElo "2269"]
[BlackElo "2479"]
[WhiteFideId "4105222"]
[BlackFideId "24112798"]
[EventDate "2015.01.31"]

1. Nf3 Nf6 2. c4 g6 3. Nc3 Bg7 4. d4 d6 5. e4 O-O 6. Be2 Bg4 7. Be3 Nfd7 8. Ng1
Bxe2 9. Ngxe2 c5 10. d5 Ne5 11. b3 Qa5 12. Qd2 a6 13. h3 b5 14. f4 Nxc4 15. bxc4
b4 16. Rc1 bxc3 17. Nxc3 Nd7 18. O-O Rab8 19. Rc2 Rb4 20. Qd3 Rfb8 21. Bd2 Qd8
22. Nd1 Rb1 23. Bc3 Qf8 24. Re2 g5 25. Ref2 gxf4 26. Rxf4 Bxc3 27. Qxc3 Ne5 28.
Ne3 Qh6 29. Kh2 R8b2 30. Qa5 Rxf1 31. Qd8+ Qf8 32. Qxf8+ Kxf8 33. Rxf1 a5 34.
Kg3 Re2 35. Kf4 Nd3+ 36. Kf3 Rxa2 37. Rb1 Nb4 38. Nf5 Ra3+ 39. Kg4 a4 40. e5
dxe5 41. d6 e6 42. Nh6 f5+ 43. Kh5 Rd3 44. g4 f4 45. Kg5 Kg7 46. Re1 Rxd6 47.
Rxe5 Nd3 48. Re2 f3 49. Re3 f2 50. Rf3 Rd7 0-1

[Event "Moscow Open A 2015"]
[Site "Moscow RUS"]
[Date "2015.01.31"]
[Round "1.47"]
[White "Matinian, Nikita"]
[Black "Drygalov, Sergey"]
[Result "1-0"]
[WhiteTitle "IM"]
[WhiteElo "2475"]
[BlackElo "2269"]
[WhiteFideId "24129100"]
[BlackFideId "24171743"]
[EventDate "2015.01.31"]

1. d4 Nf6 2. c4 e6 3. Nc3 Bb4 4. e3 O-O 5. Ne2 d5 6. a3 Be7 7. cxd5 exd5 8. g3
c6 9. Bg2 Nbd7 10. O-O Re8 11. f3 c5 12. g4 h6 13. b3 cxd4 14. Nxd4 Nf8 15. Ra2
Bd6 16. h3 Bc7 17. f4 a6 18. Re2 Ng6 19. Bb2 Nh4 20. Bh1 Ne4 21. Qe1 Nxc3 22.
Qxc3 f6 23. Qc5 Bb6 24. Qxd5+ Qxd5 25. Bxd5+ Kh7 26. Kh2 Ng6 27. Kg3 Rb8 28. h4
Bd7 29. h5 Nf8 30. Rd1 Re7 31. e4 Bc7 32. Nf5 Ree8 33. Rc2 Bc6 34. Kf3 Ne6 35.
Bxc6 bxc6 36. b4 c5 37. Rd7 Red8 38. Rxd8 Rxd8 39. e5 fxe5 40. Bxe5 Rd3+ 41. Ke4
Rxa3 42. Bxc7 Nxc7 43. bxc5 a5 44. c6 a4 45. Rd2 Rc3 46. g5 hxg5 47. fxg5 Ne6
48. g6+ Kg8 49. Rd6 1-0

[Event "Moscow Open A 2015"]
[Site "Moscow RUS"]
[Date "2015.01.31"]
[Round "1.48"]
[White "Mirzaev, Aziz"]
[Black "Potapov, Pavel"]
[Result "0-1"]
[WhiteTitle "FM"]
[BlackTitle "IM"]
[WhiteElo "2268"]
[BlackElo "2474"]
[WhiteFideId "4116224"]
[BlackFideId "4169786"]
[EventDate "2015.01.31"]

1. d4 f5 2. c4 Nf6 3. Nf3 g6 4. Nc3 Bg7 5. g3 O-O 6. Bg2 d6 7. O-O c6 8. Qc2 Na6
9. Re1 Kh8 10. Bg5 Be6 11. e4 Bxc4 12. exf5 gxf5 13. Nd2 Bf7 14. Qxf5 Nb4 15.
Rad1 Bg6 16. Qe6 Nc2 17. Re4 Nxe4 18. Ndxe4 Nxd4 19. Qxe7 Qxe7 20. Bxe7 Rfe8 21.
Bxd6 Rad8 22. Bc7 Ne2+ 0-1

[Event "Moscow Open A 2015"]
[Site "Moscow RUS"]
[Date "2015.01.31"]
[Round "1.49"]
[White "Geller, Jakov"]
[Black "Naghdiyev, Niyazi"]
[Result "0-1"]
[WhiteTitle "GM"]
[WhiteElo "2472"]
[BlackElo "2266"]
[WhiteFideId "4151984"]
[BlackFideId "13405519"]
[EventDate "2015.01.31"]

1. e4 c6 2. d4 d5 3. Nc3 dxe4 4. Nxe4 Bf5 5. Ng3 Bg6 6. Nh3 e6 7. Nf4 Bd6 8. h4
Qc7 9. Nxg6 hxg6 10. Ne4 Bf4 11. g3 Bxc1 12. Qxc1 Nd7 13. Bg2 Ngf6 14. Ng5 e5
15. Qe3 O-O 16. O-O-O exd4 17. Qxd4 Qe5 18. Qd2 Nb6 19. f4 Qc5 20. Ne4 Nxe4 21.
Bxe4 Qc4 22. Qd4 Qxa2 23. b3 Rad8 24. Qb2 Qxb2+ 25. Kxb2 Rxd1 26. Rxd1 Re8 27.
Bf3 Kf8 28. Kc1 Re3 29. Rf1 Ke7 30. Kd2 Re6 31. c4 Kd6 32. Ra1 a6 33. Ra5 Nd7
34. h5 Nc5 0-1